| 000 | 00894aab a2200193 i 4500 | ||
|---|---|---|---|
| 001 | 768714001 | ||
| 003 | CO-MdFUSB | ||
| 005 | 20240422103055.0 | ||
| 008 | 240410t1984 ag ||||| |||| 00| 0 spa d | ||
| 040 |
_bspa _cCO-MdFUSB |
||
| 041 | _aspa | ||
| 100 | 1 |
_aPagura, Federico J. _eautor |
|
| 245 |
_aCarta de Buenos Aires a las iglesias y pueblos de América Latina _c/ Federico J. Pagura |
||
| 300 |
_aVolumen 3, número 2 (junio, 1984), páginas: 77 - 78 _c; 27 cm |
||
| 520 | _aEscrito del Comité Ejecutivo y el Secretariado Consejo Latinoamericano de Iglesias (CLAI). Esta carta es una reflexión sobre el ministerio del CLAI en el tiempo transcurrido y para proyectar la acción en el cumplimiento fiel de la misión recibida. | ||
| 653 | _aEclesiología | ||
| 773 | 0 |
_tIglesia y Misión _049402 _959687 _gVolumen 3, número 2 (junio, 1984), páginas: 77 - 78 _qpágina: 77 |
|
| 942 | _cANA | ||
| 999 |
_c51478 _d51478 |
||